WWE Million Dollar Champions - Statistics

General Stats
  • This quiz has been taken 255 times
  • The average score is 4 of 5
Answer Stats
hint Answer % Correct
1 Ted Dibiase
97%
3 Ted Dibiase
97%
2 Virgil
72%
4 The Ringmaster
71%
5 Ted Dibiase Jr
46%
No matching quizzes found
Score Distribution
Percent of People with Each Score
Percentile by Number Answered
Your Score History
You have not taken this quiz